Loading...
Caste, Nationalism&Communism in south India.
| Hovedforfatter: | |
|---|---|
| Format: | Printed Book |
| Sprog: | English |
| Udgivet: |
New Delhi Foundation books
New Delhi Foundation books
1994
|
| LEADER | 00528nam a2200121Ia 4500 | ||
|---|---|---|---|
| 008 | 111205s9999 xx 000 0 eng d | ||
| 100 | |a Dilip ,M Menon | ||
| 245 | |a Caste, Nationalism&Communism in south India. |c Dilip ,M Menon | ||
| 260 | |b New Delhi Foundation books |a New Delhi Foundation books |c 1994 | ||
| 300 | |a 212 | ||
| 942 | |c BK | ||
| 999 | |c 217501 |d 217501 | ||
| 952 | |0 0 |1 0 |2 ddc |4 0 |6 E_320_532000000000000_SRE_C |7 0 |9 240396 |a MAL |b MAL |c ST1 |d 2011-12-05 |g 295.00 |l 4 |o E 320.532 SRE/C |p MAL23896 |q 2019-03-24 |r 2019-02-22 |s 2019-02-22 |v 295.00 |w 2011-12-05 |y BK | ||